000 00517nam a2200205Ia 4500
003 OSt
005 20230429105006.0
008 210423s2012 xx 000 0 und d
020 _a978-1-4091-2055-1
040 _cAL
041 _aeng
082 _a813.54
_223
_bLUSR
100 _aLUSTBADER (Eric)
_995071
245 _aRobert Ludlums bourne dominion
260 _aLondon
_bOrion books
_c2012
300 _a534
_bPB
365 _b350
_cINR
906 _abourne ; dominion ; ludlums ; Robert
942 _2ddc
_cBK
999 _c170461
_d170461